Music Quiz

Random Music or Clickable Quiz
Score 0/21 Timer 04:00
0 Plays Today
% Correct
Creedence Clearwater Revival
74.5%
Tom Petty & the Heartbreakers
67.6%
Jimi Hendrix
64.7%
The Association
48%
Ricky Nelson
37.3%
Bruce Springsteen
26.5%
Jethro Tull
24.5%
Run DMC
19.6%
Taylor Swift
19.6%
Elvis Presley
19.6%
Pearl Jam
14.7%
% Correct
Tupac Shakur
13.7%
Alanis Morrissette
10.8%
Silversun Pickups
10.8%
White Stripes
8.8%
Ben Folds Five
8.8%
Janis Joplin
7.8%
Bob Dylan
5.9%
P!nk
5.9%
Deep Purple
4.9%
Gnarls Barkley
3.9%
Remove Ads.
Support Sporcle.
Get the best of Sporcle when you Go Orange. This ad-free experience offers more features, more stats, and more fun while also helping to support Sporcle. Thank you for becoming a member.

You're not logged in!

Compare scores with friends on all Sporcle quizzes.
OR
Log In

Show Comments

Extras

Top Quizzes Today


Score Distribution

Your Account Isn't Verified!

In order to create a playlist on Sporcle, you need to verify the email address you used during registration. Go to your Sporcle Settings to finish the process.

Report this User

Report this user for behavior that violates our Community Guidelines.

Details: